000 01668nam a22002297a 4500
999 _c59451
_d59451
003 Ge_BSU
005 20230220112041.0
008 230220s2023 ge ||||| |||| 00| 0 geo d
041 _ageo
080 _a82 ნ-74
100 _aნიქაბაძე, ნონა
_916973
245 _a''ვეფხისტყაოსნის'' თურქული თარგმანების კორპუსლინგვისტური და კრიტიკული ანალიზი :
_bდისერტაცია /
_cნონა ნიქაბაძე; სამეცნიერო ხელმძღვანელი მაია ბარამიძე, ლილე თანდილავა; ბსუ. ჰუმანიტარულ მეცნიერებათა ფაკულტეტი. ქართული ფილოლოგიის დეპარტამენტი.
264 _aბათუმი,
_c2023.
300 _a194 გვ. ;
_b30 სმ.
504 _aბიბლიოგრ. გვ. 182-194
653 _aფილოლოგია
653 _aდისერტაცია
700 _aბარამიძე, მაია
_eსამეცნიერო ხელმძღვანელი
_93189
700 _aთანდილავა, ლილე
_eსამეცნიერო ხელმძღვანელი
_95951
710 _a ბსუ. ჰუმანიტარულ მეცნიერებათა ფაკულტეტი.
_bქართული ფილოლოგიის დეპარტამენტი
_916974
942 _2udc
_cDS